| 000 | 01158cab a2200421 4500 | ||
|---|---|---|---|
| 001 | ABS52848 | ||
| 008 | 090401t1995 xxu||||| |||| 00| 0 eng d | ||
| 035 | _a(Sirsi) u436 | ||
| 041 | _aeng | ||
| 245 | _aFocus `95: London boroughs: south of the Thames | ||
| 260 | _c1995 | ||
| 350 | _a0 | ||
| 490 |
_aEstates Gazette _v(9518) 6 May 1995, 79-107(14) |
||
| 650 | _aBEXLEY | ||
| 650 | _aBRIXTON | ||
| 650 | _aBROMLEY | ||
| 650 | _aCROYDON | ||
| 650 | _aGREENWICH | ||
| 650 | _aINDUSTRIAL MARKET | ||
| 650 | _aINFRASTRUCTURE ISSUES | ||
| 650 | _aJUBILEE LINE EXTENSION | ||
| 650 | _aKINGSTON UPON THAMES | ||
| 650 | _aLAMBETH | ||
| 650 | _aLEWISHAM | ||
| 650 | _aLONDON BOROUGHS | ||
| 650 | _aMERTON | ||
| 650 | _aPROPERTY-COMMERCIAL PROPERTY-OFFICE PROPERTY-OFFICE PROPERTY MARKET | ||
| 650 | _aORPINGTON | ||
| 650 | _aPROPERTY-COMMERCIAL PROPERTY-RETAIL PROPERTY-RETAIL PROPERTY MARKET | ||
| 650 | _aRICHMOND | ||
| 650 | _aSOUTHWARK | ||
| 650 | _aSUTTON | ||
| 650 | _aTRANSPORT ISSUES | ||
| 650 | _aWANDSWORTH | ||
| 690 | _aPROPERTY-COMMERCIAL PROPERTY-COMMERCIAL PROPERTY MARKET | ||
| 942 | _n0 | ||
| 948 | _c04/03/1997 | ||
| 999 |
_c181 _d181 |
||